| 000 | 00451nam a2200181Ia 4500 | ||
|---|---|---|---|
| 001 | 8246 | ||
| 005 | 20260306160555.0 | ||
| 008 | 260306t1981||||xx |||||||||||||| ||spa|| | ||
| 041 | _aESP | ||
| 082 |
_a370.1503 _bO28 |
||
| 100 |
_aGrupo Oceano _eAUT |
||
| 245 | 0 |
_aEnciclopedia de la psicopedagogía: _bpedagogía y psicología |
|
| 260 | _c1981 | ||
| 300 |
_a948 páginas : _c24 cm. |
||
| 650 | _aGEN | ||
| 654 | _aCED | ||
| 942 |
_cLIB _dJUS _fJUS _2ddc _n |
||
| 999 |
_c8246 _d8246 |
||